Statistics for brainrot quizz 2???!

Click here to take the quiz!

General Stats

  • This quiz has been taken 153 times
  • The average score is 1 of 38

Answer Stats

HintAnswer% Correct
:) :(incredible slideshow
100%
breckie hilljynxi
3%
you are my sunshinelebron
2%
hes callingjohn pork
1%
livy dunegyat
1%
+1$ currency19 dollar fortnite card
0%
big green orgeshrek
0%
big red sus mansussy among us imposter
0%
brainrot lordryan
0%
Chatting it uprizz
0%
doublechocalte chunk cookiecostco guys
0%
ermm what thesigma
0%
financefanum tax
0%
gives money awaymr beast
0%
hall of famecrashout
0%
hello brothersketch
0%
jamaicabamboclout
0%
leaves mark in pantsicky goo
0%
lets gooooo carda baby car
0%
looking bettermogging
0%
looksmaxing styatohio
0%
male lizzocaseoh
0%
man in the looskibbidii toilet
0%
never againsammy reina
0%
Never endingmewing streak
0%
one touchteo
0%
owes george washington moneyduke dennis
0%
purple mcdonalds killergrimace
0%
push me to theedge
0%
strechingjelqing
0%
the begginnign of the endquandaledingle
0%
tikk tok rizz party girlred dress girl
0%
tiktok rizz party atangoistturkish quandaledingle
0%
Tiktok rizz party main charactergroup leader
0%
vegtable in chairkevin g
0%
what is ... doingshlawg
0%
who won the 100 year war?the French
0%
X^2kai cenat
0%

Score Distribution

Percentile by Number Answered

Percent of People with Each Score

Your Score History

You have not taken this quiz